| 000 | 01340pam a2200325 a 4500 | ||
|---|---|---|---|
| 999 |
_c1702 _d1702 |
||
| 001 | 4870540 | ||
| 003 | OSt | ||
| 005 | 20210629110938.0 | ||
| 008 | 921009s1993 caua bf 001 0 eng | ||
| 010 | _a 92038632 | ||
| 020 | _a0534201601 | ||
| 040 |
_aDLC _cDLC _dDLC |
||
| 050 | 0 | 0 |
_aQD261 _b.F466 1993 |
| 082 | 0 | 0 |
_a547/.0078 _220 |
| 100 | 1 |
_aFessenden, Ralph J., _d1932- |
|
| 245 | 1 | 0 |
_aOrganic laboratory techniques / _cRalph J. Fessenden, Joan S. Fessenden ; with contributions by John A. Landgrebe. |
| 250 | _a2nd ed. | ||
| 260 |
_aPacific Grove, Calif. : _bBrooks/Cole, _cc1993. |
||
| 300 |
_ax, 253 p. : _bill. ; _c24 cm. |
||
| 504 | _aIncludes bibliographical references and index. | ||
| 650 | 0 |
_aChemistry, Organic _xLaboratory manuals. |
|
| 700 | 1 | _aFessenden, Joan S. | |
| 700 | 1 | _aLandgrebe, John A. | |
| 856 | 4 | 2 |
_3Contributor biographical information _uhttp://www.loc.gov/catdir/enhancements/fy1515/92038632-b.html |
| 856 | 4 | 2 |
_3Publisher description _uhttp://www.loc.gov/catdir/enhancements/fy1515/92038632-d.html |
| 856 | 4 | 1 |
_3Table of contents only _uhttp://www.loc.gov/catdir/enhancements/fy1515/92038632-t.html |
| 906 |
_a7 _bcbc _corignew _d1 _eocip _f19 _gy-gencatlg |
||
| 942 |
_2lcc _cBK _nSO |
||